Production Planning & Inventory Control (Record no. 1057)

MARC details
000 -LEADER
fixed length control field 00444nam a22001697a 4500
005 - DATE AND TIME OF LATEST TRANSACTION
control field 20160518172438.0
008 - FIXED-LENGTH DATA ELEMENTS--GENERAL INFORMATION
fixed length control field 160518b xxu||||| |||| 00| 0 eng d
020 ## - INTERNATIONAL STANDARD BOOK NUMBER
ISBN 81-203-1138-8
041 ## - LANGUAGE CODE
Language code of text/sound track or separate title eng
082 ## - DEWEY DECIMAL CLASSIFICATION NUMBER
Item number 3088
100 ## - MAIN ENTRY--AUTHOR NAME
Personal name Narasimhan . SL & Mclevey . D.W.
245 ## - TITLE STATEMENT
Title Production Planning & Inventory Control
260 ## - PUBLICATION, DISTRIBUTION, ETC. (IMPRINT)
Place of publication New Delhi
Name of publisher PHI learning Pvt. Ltd.
Year of publication 2004
300 ## - PHYSICAL DESCRIPTION
Number of Pages 716
650 ## - SUBJECT ADDED ENTRY--TOPICAL TERM
Topical Term Management
942 ## - ADDED ENTRY ELEMENTS (KOHA)
Koha item type Books
Holdings
Lost status Damaged status Home library Current library Shelving location Date acquired Cost, normal purchase price Full call number Accession Number Koha item type
    JRU Library   WR-1 F 18/05/2016 375.00 3088 3088 Books